Social darwinism in American thought

Saved in:
Bibliographic Details
Main Author: Hofstadter, Richard
Format: Book
Language:Undetermined
Published: Boston Beacon Press 1965
Subjects:
Tags: Add Tag
No Tags, Be the first to tag this record!
Institutions: Trung tâm Học liệu Trường Đại học Cần Thơ
LEADER 00545nam a2200205Ia 4500
001 CTU_85996
008 210402s9999 xx 000 0 und d
082 |a 301 
082 |b H713 
100 |a Hofstadter, Richard 
245 0 |a Social darwinism in American thought 
245 0 |c Richard Hofstadter 
260 |a Boston 
260 |b Beacon Press 
260 |c 1965 
650 |a Social evolution,Sociology 
650 |x History 
650 |z United states 
904 |i Tuyến 
980 |a Trung tâm Học liệu Trường Đại học Cần Thơ